Would You Believe...Get Smart Follow That Line Quiz Stats

 Plays Quiz not verified by Sporcle

Challenge
Share
Tweet
Embed
Score 0/24 Timer 06:00
0 Plays Today
% Correct
Not the Craw, the Craw!
90.1%
No Max, I'm saying that because I'm married.
90.1%
The part after you must remember this.
87.8%
I was a dance team.
85.3%
It just didn't pay well enough.
84%
And loving it.
82.8%
Only a little oil now and then.
81.1%
Of course. I may be a robot but I'm an American robot.
80.3%
Yes. You're under arrest.
80.1%
Because my mind doesn't work that way.
75.8%
They killed him twice.
74.7%
Missed it by that much.
74.6%
% Correct
And lose five bucks?
74.3%
Four destroyers. Nothing.
70.6%
Take it in your usual booth....Mr. President
70%
Simon and Garfunkel fell off the Tallahatchie Bridge.
67%
And from now on, leave the spying to us.
66.1%
I got it from a mail order house in Chicago.
61.8%
All Chinese laundries look alike to me.
60.1%
I don't think so but I better take it just in case.
53.9%
They are all former quizmasters, disc jockeys, used car salesmen, TV repairmen, and politicians.
52.5%
Thanks Smart, I needed that.
41.7%
But me no buts sir.
38.4%
And who'd see it in a clock?
37.3%

You're not logged in!

Compare scores with friends on all Sporcle quizzes.
OR
Log In

You Might Also Like...

Show Comments

Extras

Top Quizzes Today


Score Distribution

Your Account Isn't Verified!

In order to create a playlist on Sporcle, you need to verify the email address you used during registration. Go to your Sporcle Settings to finish the process.

Report this User

Report this user for behavior that violates our Community Guidelines.

Details: